Normal view
MARC view
- Queens
Entry Topical Term
001 - CONTROL NUMBER
- control field: 34139
003 - CONTROL NUMBER IDENTIFIER
- control field: OSt
005 - DATE AND TIME OF LATEST TRANSACTION
- control field: 20131021182027.0
008 - FIXED-LENGTH DATA ELEMENTS
- fixed length control field: 131021|| aca||aabn | a|a d
040 ## - CATALOGING SOURCE
- Original cataloging agency: OSt
- Transcribing agency: OSt
150 ## - HEADING--TOPICAL TERM
- Topical term or geographic name as entry element: Queens
- Geographic subdivision: Great Britain
- Form subdivision: Fiction.
670 ## - SOURCE DATA FOUND
- Source citation: Work cat.: (OSt)0: Gregory, Philippa. 34137, The constant princess /, 2011.